[Event "IECG QD.2006.0.00090"]
[Site "IECG email"]
[Date "2006.05.05"]
[Round "?"]
[White "Gussoni, Michael"]
[Black "Michos, Dionyssios"]
[Result "0-1"]
[WhiteElo "1500"]
[BlackElo "1495"]
[PlyCount "72"]
[EventDate "2006.05.05"]
[EventType "tourn (corr)"]
[EventRounds "2"]
[SourceTitle "Corr 2008"]
[Source "ChessBase"]
[SourceDate "2008.06.24"]
[SourceVersion "1"]
[SourceVersionDate "2008.06.24"]
[SourceQuality "1"]

1. e4 c5 2. Nc3 Nc6 3. Nf3 e6 4. Be2 a6 5. 0-0 Nd4 6. d3 Bd6 7. Be3 e5 8. Qd2 Ne7 9. a4 0-0 10. h4 h6 11. h5 Bc7 12. Bd1 d6 13. Nd5 Nxd5 14. exd5 Nf5 15. a5 Nxe3 16. fxe3 Bg4 17. Nh2 Bxd1 18. Qxd1 Bxa5 19. Qg4 Bb6 20. c4 Qe7 21. e4 Rab8 22. Qg3 Bd8 23. Ng4 Kh8 24. b3 Qh4 25. Qxh4 Bxh4 26. Rf3 Bg5 27. Raf1 Kg8 28. Ra1 Ra8 29. Nf2 a5 30. Nd1 b6 31. g4 Bf4 32. Nc3 Rfd8 33. Ne2 Bg5 34. Nc3 Be7 35. Raf1 Rf8 36. Nb5 Rad8 0-1

[Event "IECG QD.2006.0.00090"]
[Site "IECG email"]
[Date "2006.05.05"]
[Round "?"]
[White "Michos, Dionyssios"]
[Black "Gussoni, Michael"]
[Result "1-0"]
[WhiteElo "1495"]
[BlackElo "1500"]
[PlyCount "73"]
[EventDate "2006.05.05"]
[EventType "tourn (corr)"]
[EventRounds "2"]
[SourceTitle "Corr 2008"]
[Source "ChessBase"]
[SourceDate "2008.06.24"]
[SourceVersion "1"]
[SourceVersionDate "2008.06.24"]
[SourceQuality "1"]

1. d4 Nf6 2. c4 e6 3. Nf3 Nc6 4. g3 d5 5. e3 Be7 6. Be2 0-0 7. 0-0 b6 8. b3 h6 9. Bb2 a6 10. Nbd2 Bb7 11. Ne5 a5 12. Nxc6 Bxc6 13. Bd3 a4 14. Qc2 Qd7 15. Rac1 axb3 16. axb3 Ra2 17. Ra1 Rfa8 18. Rxa2 Rxa2 19. Nb1 dxc4 20. bxc4 Bf3 21. Nd2 Bb7 22. Ra1 Rxa1+ 23. Bxa1 Bb4 24. Bc3 Bxc3 25. Qxc3 Qa4 26. Bc2 Qa8 27. Qb2 Qa5 28. Bd3 Qh5 29. h4 Qd1+ 30. Bf1 Ng4 31. e4 Qe1 32. Nf3 Qxe4 33. Bg2 e5 34. d5 Qxc4 35. Nxe5 Nxe5 36. Qxe5 Qc1+ 37. Kh2 1-0